| 000 | 01319nab a22002417a 4500 | ||
|---|---|---|---|
| 999 |
_c5644 _d5644 |
||
| 003 | OSt | ||
| 005 | 20251226212641.0 | ||
| 008 | 190603e xxum|||| |||| 00| 0 spa d | ||
| 040 | _cPJ | ||
| 100 |
_96406 _aMarcos, Guillermo Andrés |
||
| 245 | 1 | 0 |
_aConcurso preventivo. Créditos con privilegio especial. Oponibilidad del acuerdo / _cGuillermo Andrés Marcos. |
| 260 |
_cCiudad Autónoma de Buenos Aires : _aThomson Reuters La Ley, _b2025. |
||
| 300 | _ap. 107-112 | ||
| 500 | _aCita: TR LALEY AR/DOC/1042/2025 Publicado en: RCCyC 2025 (junio). | ||
| 505 | _aSumario: I. De la cuestión en debate.— II. De la legislación antecedente.— III. De la categorización.— IV. De la igualdad.— V. Procedimiento colectivo y universal.— VI. Principio de conservación de la empresa.— VII. Prevalencia de los arts. 44 y 47 LCQ.— VIII. Prevalencia del art. 56 LCQ.— IX. Colofón. | ||
| 505 | _t¿Te interesa el texto completo? Solicitalo al correo: koha@justierradelfuego.gov.ar | ||
| 650 | 0 |
_91497 _aCODIGO CIVIL Y COMERCIAL |
|
| 650 | 0 |
_91753 _aCONCURSO PREVENTIVO |
|
| 650 | 0 | _aDERECHO CONCURSAL | |
| 650 | 0 | _aPRIVILEGIOS CONCURSALES | |
| 773 | 0 |
_02713 _93170 _dCiudad Autónoma de Buenos Aires : Thomson Reuters La Ley, 2015- _tRevista Código Civil y Comercial. Nº 3 - Junio 2025 |
|
| 942 |
_2udc _cANA |
||